At that very moment / (Record no. 145782)

MARC details
000 -LEADER
fixed length control field 00688nam a22001937a 4500
010 ## - LCCN (DPL NO)
LC control number 1718EN-30 B-688551-555 ENG-124494
020 ## - INTERNATIONAL STANDARD BOOK NUMBER
International Standard Book Number 9788184303872
Terms of availability 250.00
035 ## - SYSTEM CONTROL NUMBER
System control number B-688551-555 EN-108026
037 ## - SOURCE OF ACQUISITION
Source of stock number/acquisition Ocean Books
037 ## - SOURCE OF ACQUISITION
Source of stock number/acquisition DBAD/PUB.06
082 ## - DEWEY DECIMAL CLASSIFICATION NUMBER
Classification number S
100 ## - MAIN ENTRY--PERSONAL NAME
Personal name Sinha, Mridula
245 ## - TITLE STATEMENT
Title At that very moment /
Statement of responsibility, etc by Mridula Sinha
260 ## - PUBLICATION, DISTRIBUTION, ETC. (IMPRINT)
Place of publication, distribution, etc New Delhi
Name of publisher, distributor, etc Ocean Books
Date of publication, distribution, etc 2016
270 ## - ADDRESS
Address 4/19 Asaf Ali Road
City New Delhi
Postal code 110002
300 ## - PHYSICAL DESCRIPTION
Extent 144p.
Dimensions 22cm(H.b)
942 ## - ADDED ENTRY ELEMENTS (KOHA)
Source of classification or shelving scheme Dewey Decimal Classification
Item type English Books
Call number suffix SIN
Classification part S
Holdings
Withdrawn status Lost status Not for loan Collection code Home library Current library Date acquired Source of acquisition Cost, normal purchase price Full call number Barcode Copy number Cost, replacement price Koha item type
      Non-fiction Ashok Vihar Ashok Vihar 13/06/2018 Ocean Books/L19765/05.12.17/666/20.11.17/15.01.18 250.00 S SIN B-688555 1   English Books
    Not For Loan Non-fiction D.B.Act.Division Bawana 13/11/2018 DBAD/PUB 250.00 S SIN EN-108026 1 250.00 English Books
  Lost and Paid For   Non-fiction Central Library Central Library 13/06/2018 Ocean Books/L19765/05.12.17/666/20.11.17/15.01.18 250.00 S SIN B-688551 1 250.00 English Books
      Non-fiction Mobile Library Mobile Library 13/06/2018 Ocean Books/L19765/05.12.17/666/20.11.17/15.01.18 250.00 S SIN B-688552 1   English Books
      Non-fiction Mobile Library Mobile Library 13/06/2018 Ocean Books/L19765/05.12.17/666/20.11.17/15.01.18 250.00 S SIN B-688553 1   English Books
      Non-fiction New Police Line New Police Line 13/06/2018 Ocean Books/L19765/05.12.17/666/20.11.17/15.01.18 250.00 S SIN B-688554 1   English Books

© Delhi Public Library
Hit Counter
free hit counter